Hydrographical surveying (Record no. 98163)

MARC details
000 -LEADER
fixed length control field 00596cam a2200217 4500
001 - CONTROL NUMBER
control field D14427
008 - FIXED-LENGTH DATA ELEMENTS--GENERAL INFORMATION
fixed length control field 970304 1882 d 1
035 ## - SYSTEM CONTROL NUMBER
System control number (Sirsi) u94744
041 0# - LANGUAGE CODE
Language code of text/sound track or separate title eng
050 04 - LIBRARY OF CONGRESS CALL NUMBER
Classification number 526.99 $2 18
100 1# - MAIN ENTRY--PERSONAL NAME
Personal name Wharton, William J. L.
245 00 - TITLE STATEMENT
Title Hydrographical surveying
Remainder of title a description of the means and methods employed in constructing marine charts
250 ## - EDITION STATEMENT
Edition statement 2nd ed.
260 ## - PUBLICATION, DISTRIBUTION, ETC.
Place of publication, distribution, etc. London
Name of publisher, distributor, etc. John Murray
Date of publication, distribution, etc. 1898
300 ## - PHYSICAL DESCRIPTION
Extent vii, 388p.
Dimensions 24cm.
350 ## - PRICE (NR) (BK AM CF MU VM SE) [OBSOLETE]
Price 0
651 #4 - SUBJECT ADDED ENTRY--GEOGRAPHIC NAME
Geographic name United Kingdom
Chronological subdivision
690 ## - LOCAL SUBJECT ADDED ENTRY--TOPICAL TERM (OCLC, RLIN)
Topical term or geographic name as entry element Hydrography
9 (RLIN) 6245
942 ## - ADDED ENTRY ELEMENTS (KOHA)
Suppress in OPAC 0
948 ## - LOCAL PROCESSING INFORMATION (OCLC); SERIES PART DESIGNATOR (RLIN)
c (OCLC) 04/03/1997
Holdings
Withdrawn status Lost status Source of classification or shelving scheme Damaged status Not for loan Home library Current library Shelving location Date acquired Total Checkouts Full call number Barcode Date last seen Copy number Price effective from Koha item type
    Other/Generic Classification Scheme     London London Basement 27/07/2001   SHELF 137 30027676 06/08/2019 1 06/08/2019 Book